| 000 | 00908cam a22002531 4500 | ||
|---|---|---|---|
| 001 | sa 68003373 | ||
| 003 | DLC | ||
| 005 | 20260227112452.0 | ||
| 008 | 710903s1967 ii c b 000 0ceng | ||
| 010 | _asa 68003373 | ||
| 025 | _aPL480:I-E-9695 | ||
| 040 |
_aDLC _cDLC _dDLC |
||
| 050 | 0 | 0 |
_aDS479.1.B29 _bA7 |
| 082 | 0 | 0 | _a329.9/54 |
| 100 | 1 |
_aArgov, Daniel, _d1934- |
|
| 245 | 1 | 0 |
_aModerates and extremists in the Indian nationalist movement, 1883-1920; _bwith special reference to Surendranath Banerjea and Lajpat Rai. |
| 260 |
_aBombay, _aNew York, _bAsia Pub. House _c[c1967] |
||
| 300 |
_axiv, 246 p. _bports. _c23 cm. |
||
| 350 | _aRs25 | ||
| 500 | _aBased on a thesis submitted for the degree of doctor of Philosophy in the University of London in 1964. | ||
| 504 | _aBibliography: p. 233-238. | ||
| 600 | 1 | 0 |
_aBanerjea, Surendranath, _cSir, _d1848-1925. |
| 600 | 2 | 0 |
_aLajpat Rai, Lala, _d1865-1928. |
| 999 |
_c79430 _d79430 |
||